=LDR 00000nam 2200000 4500 =001 INLIS000000000016992 =005 20200506013328 =035 ##$$a 0010-061300000016992 =008 200506################g##########0#ind## =041 ##$$a Ind =082 ##$$a 2x3.1 =090 ##$$a 2x3.1 Mah m =100 ##$$a Mahmoud, Mustafa =245 1#$$a Melihat Allah /$c Mustafa Mahmoud ; Penerjemah Abu Bakar Basymeleh =260 ##$$a Surabaya :$b Bina Ilmu,$c 2003 =300 ##$$a x, 245 hlm. ; $c 14,5x20,5 cm. =650 #4$$a Iman Kepada Allah =850 ##$$a NBPNMAT =020 ##$$a 979-422-018-3 =084 ##$$a 2x3.1 MAH m =250 ##$$a cet.4 =990 ##$$a 20403711